Access denied (Record no. 82076)

MARC details
000 -LEADER
fixed length control field 00913cab a22002055a 4500
001 - CONTROL NUMBER
control field L149142
008 - FIXED-LENGTH DATA ELEMENTS--GENERAL INFORMATION
fixed length control field 100115s2009 xxk 000 0 eng d
035 ## - SYSTEM CONTROL NUMBER
System control number (Sirsi) u149142
041 0# - LANGUAGE CODE
Language code of text/sound track or separate title eng
100 1# - MAIN ENTRY--PERSONAL NAME
Personal name Fallows, Claire
245 00 - TITLE STATEMENT
Title Access denied
Remainder of title protecting development sites from public access rights
260 ## - PUBLICATION, DISTRIBUTION, ETC.
Date of publication, distribution, etc. 2009
490 #0 - SERIES STATEMENT
Series statement Lovells Real Estate Quarterly
Volume/sequential designation Autumn 2009, 9-10(2)
520 ## - SUMMARY, ETC.
Summary, etc. Prospective purchasers of development sites should make a thorough site inspection to check for evidence of public access rights. Looks at public highway registration and land registered as town or village green. Landowners are advised to protect the value of their land by preventing public access in all but the most limited and controlled circumstances.
590 ## - LOCAL NOTE (RLIN)
Local note KA
651 #4 - SUBJECT ADDED ENTRY--GEOGRAPHIC NAME
Geographic name England and Wales
Chronological subdivision 1543-
690 ## - LOCAL SUBJECT ADDED ENTRY--TOPICAL TERM (OCLC, RLIN)
Topical term or geographic name as entry element Boundary disputes
9 (RLIN) 6221
700 1# - ADDED ENTRY--PERSONAL NAME
Personal name Quarterman, Hannah
942 ## - ADDED ENTRY ELEMENTS (KOHA)
Suppress in OPAC 0
Holdings
Withdrawn status Lost status Source of classification or shelving scheme Damaged status Not for loan Home library Current library Shelving location Date acquired Total Checkouts Full call number Barcode Date last seen Copy number Price effective from Koha item type
    Dewey Decimal Classification     London London Journals 15/01/2010   L149142 149142-1001 06/08/2019 1 06/08/2019 Journal article